A tale of two cities

Αποθηκεύτηκε σε:
Λεπτομέρειες βιβλιογραφικής εγγραφής
Κύριος συγγραφέας: Dickens, Charles
Μορφή: Βιβλίο
Γλώσσα:Undetermined
Έκδοση: Chicago, Estados Unidos New American Library 1936
Θέματα:
Ετικέτες: Προσθήκη ετικέτας
Δεν υπάρχουν, Καταχωρήστε ετικέτα πρώτοι!

MARC

LEADER 00000nam a2200000Ia 4500
008 170316s9999 xx 000 0 und d
040 |a cru BVZT 
090 |a 820 D-5a 
100 |a Dickens, Charles 
245 2 |a A tale of two cities 
260 |a Chicago, Estados Unidos 
260 |b New American Library 
260 |c 1936 
300 |a 378 páginas 
650 |a LITERATURA INGLESA 
999 |c 6855  |d 6855 
942 |c 15 D  |h 820 D-5a  |2 z